000 003750000a22001690004500
001 000675
003 MACL
040 _aMACL
090 _c675
_d675
100 _aRay, Satyajit
245 _aThe Mystery of the Pink Pearl
_bThe Final Feluda Stories
_cSatyajit Ray
260 _aPenguin,
_c1998
350 _a200
650 _aFiction
942 _k823
_cBook
951 _o823 Book
999 _c675
_d675